000 00685nam a2200217 a 4500
999 _c9960
_d9960
001 9960
003 BD-JhCC
005 20221107134024.0
008 180403s1393 ii |||| |||| 000 0 ben d
035 _a(BD-JhCC)9960
040 _aBD-JhCC
_dBD-JhCC
041 _aben
082 _a891.443
_bSHO 1393
245 _aশরৎ সাহিত্যসমগ্র /
_cসুকুমান সেন [সম্পা],
260 _aকলকাতা :
_bআনন্দ পাবলিশর্স লিমিটেড,
_c1393.
300 _a1104 p. :
_c27 cm.
526 _bmeraj
650 _aBengali Literature
700 _aসেন, সুকুমার
942 _2ddc
_cBK
_04